| 000 | 00530cam a2200205 4500 | ||
|---|---|---|---|
| 001 | D7646 | ||
| 008 | 090401t1978 xxu||||| |||| 00| 0 eng d | ||
| 035 | _a(Sirsi) u8678 | ||
| 041 | _aeng | ||
| 050 | _a526.9 | ||
| 100 | _aOlliver, J. G. | ||
| 245 | _aPrinciples of surveying Volume 2: Photogrammetry, adjustment and field astronomy. | ||
| 250 | _a4th | ||
| 260 |
_aWokingham _bVan Nostrand Rheinhold _c1978 |
||
| 300 | _aix. 205p. 24cm | ||
| 350 | _a10 | ||
| 700 | _aClendinning, J. | ||
| 942 | _n0 | ||
| 948 | _c04/03/1997 | ||
| 999 |
_c86545 _d86545 |
||